000 00856nam a2200229Ii 4500
003 JO-AjNU
008 230605s9999||||xx |||||||||||||| ||und||
017 _a1984/2012
020 _a977-130-008-3
040 _aJO-AjNU
_bara
_erda
_cJO-AjNU
041 _aara
050 1 4 _aHQ767 .9 .A8482 1984
100 3 _aتأليف: العاصي، ثناء ؛ تقديم: ابراهيم عصمت مطاوع,
_eauthor
_913723
245 0 0 _aقرى الاطفال
264 3 1 _aالاسكندرية: دار المطبوعات الجديدة، 1984
300 _a99ص
_bيحتوي ببلوغرافية من ص 91-99ص
336 _atext
_btxt
_2rdacontent
337 _aunmediated
_bn
_2rdamedia
338 _avolume
_bnc
_2rdacarrier
490 0 _aدراسات في الطفولة؛1
650 4 _aالخدمة الاجتماعية - رعاية الطفولة
_913724
999 _aA3490
_c7058
_d7058